书目信息 |
| 题名: |
农业昆虫学
|
|
| 作者: | 仵均祥 主编 | |
| 分册: | ||
| 出版信息: | 北京 中国农业出版社 2010 |
|
| 页数: | 15,380页 | |
| 开本: | 26cm | |
| 丛书名: | ||
| 单 册: | ||
| 中图分类: | S186 | |
| 科图分类: | ||
| 主题词: | 农业害虫--昆虫学--高等学校--教材 , 农业害虫 , 昆虫学 | |
| 电子资源: | ||
| ISBN: | 978-7-109-14041-7 | |
| 000 | 00972nam0 2200277 45 | |
| 001 | 1050893750 | |
| 005 | 20100420093732.77 | |
| 010 | @a978-7-109-14041-7@dCNY38.50 | |
| 100 | @a20100408d2010 em y0chiy50 ea | |
| 101 | 0 | @achi |
| 102 | @aCN@b110000 | |
| 105 | @ay z 000yy | |
| 106 | @ar | |
| 200 | 1 | @a农业昆虫学@ANong Ye Kun Chong Xue@e北方本@EBei Fang Ben@f仵均祥主编@FWu Jun Xiang Zhu Bian |
| 205 | @a2版 | |
| 210 | @a北京@c中国农业出版社@d2010 | |
| 215 | @a15,380页@d26cm | |
| 300 | @a普通高等教育“十一五”国家级规划教材 全国高等农林院校“十一五”规划教材 | |
| 330 | @a本书内容包括:害虫种群动态与虫害形成机制、害虫防治原理和方法、地下害虫、小麦害虫、水稻害虫、杂粮害虫、种子与储粮害虫、棉花害虫、油料作物害虫等十四章。 | |
| 606 | 0 | @a农业害虫@x昆虫学@x高等学校@j教材 |
| 606 | 0 | @a农业害虫 |
| 606 | 0 | @a昆虫学 |
| 690 | @aS186@v4 | |
| 701 | 0 | @a仵均祥@AWu Jun Xiang@4主编 |
| 801 | 0 | @aCN@bTANGWEI@c20100420 |
| 905 | @b0591499-503@dS186@e72=2@f5 | |
| 农业昆虫学:北方本/仵均祥主编.-2版.-北京:中国农业出版社,2010 |
| 15,380页;26cm |
| 普通高等教育“十一五”国家级规划教材 全国高等农林院校“十一五”规划教材 |
| ISBN 978-7-109-14041-7:CNY38.50 |
| 本书内容包括:害虫种群动态与虫害形成机制、害虫防治原理和方法、地下害虫、小麦害虫、水稻害虫、杂粮害虫、种子与储粮害虫、棉花害虫、油料作物害虫等十四章。 |
| ● |
| 相关链接 |
|
|
|
|
正题名:农业昆虫学
索取号:S186/72=2
 
预约/预借
| 序号 | 登录号 | 条形码 | 馆藏地/架位号 | 状态 | 备注 |
| 1 | 0591499 | 205914992 | 第二样本阅览室/ [索取号:S186/72=2] | 在馆 | |
| 2 | 0591500 | 205915009 | 密集书库-生命科学系/ [索取号:S186/72=2] | 在馆 | |
| 3 | 0591501 | 205915018 | 第三借阅区/ [索取号:S186/72=2] | 在馆 | |
| 4 | 0591502 | 205915027 | 第三借阅区/ [索取号:S186/72=2] | 在馆 | |
| 5 | 0591503 | 205915036 | 第三借阅区/ [索取号:S186/72=2] | 在馆 |